An assessment of challenges affecting the competitiveness of small and medium sized enterprises in Baringa county. (Record no. 15473)
[ view plain ]
| 000 -LEADER | |
|---|---|
| fixed length control field | 00746nam a22002172 4500 |
| 001 - CONTROL NUMBER | |
| control field | 0000025325 |
| 005 - DATE AND TIME OF LATEST TRANSACTION | |
| control field | 20151217161601.0 |
| 008 - FIXED-LENGTH DATA ELEMENTS--GENERAL INFORMATION | |
| fixed length control field | 150623s xx 000 0 eng d |
| 040 ## - CATALOGING SOURCE | |
| Original cataloging agency | KABU |
| Transcribing agency | KABU |
| 100 1# - MAIN ENTRY--PERSONAL NAME | |
| Personal name | Komen, Alfred Kiprotich. |
| -- | 0000185931 |
| 245 13 - TITLE STATEMENT | |
| Title | An assessment of challenges affecting the competitiveness of small and medium sized enterprises in Baringa county. |
| 260 ## - PUBLICATION, DISTRIBUTION, ETC. (IMPRINT) | |
| Place of publication, distribution, etc. | Nakuru : |
| Name of publisher, distributor, etc. | Kabarak University, |
| Date of publication, distribution, etc. | 2014. |
| 300 ## - PHYSICAL DESCRIPTION | |
| Extent | x, 46 p. |
| 650 #0 - SUBJECT ADDED ENTRY--TOPICAL TERM | |
| Topical term or geographic name as entry element | Small business |
| Geographic subdivision | Kenya. |
| -- | 0000151194 |
| 650 #0 - SUBJECT ADDED ENTRY--TOPICAL TERM | |
| Topical term or geographic name as entry element | Competition |
| Geographic subdivision | Kenya. |
| -- | 0000157480 |
| 700 1# - ADDED ENTRY--PERSONAL NAME | |
| Personal name | Waiganjo, Maina. |
| -- | 0000185896 |
| 700 1# - ADDED ENTRY--PERSONAL NAME | |
| Personal name | Kiprop, Symon K. |
| -- | 0000185932 |
| 908 ## - PUT COMMAND PARAMETER (RLIN) | |
| Put command parameter | 150623 |
| 950 ## - LOCAL HOLDINGS (RLIN) | |
| -- | 1 |
| Withdrawn status | Lost status | Source of classification or shelving scheme | Not for loan | Home library | Current library | Date acquired | Total Checkouts | Full call number | Barcode | Date last seen | Date last checked out | Price effective from | Koha item type |
|---|---|---|---|---|---|---|---|---|---|---|---|---|---|
| Library of Congress Classification | Kabarak, Main Campus | Kabarak, Main Campus | 17/12/2015 | 3 | HD2346 .K66 2014 c. 1 | 018177 | 09/09/2016 | 05/08/2016 | 17/12/2015 | Thesis, Dissertation and Projecs |